Sprievodca cestnou daňou

Cestná daň patrí medzi dane, ktoré tvoria daňovú sústavu Slovenskej republiky. Je to priama majetková daň, ktorá sa týka využívania tuzemských pozemných komunikácií cestnými motorovými vozidlami a prípojnými vozidlami na podnikanie alebo v súvislosti s ním. Upravuje ju zákon NR SR č.87/1994 Z.z. o c...

Description complète

Enregistré dans:
Détails bibliographiques
Auteur principal: Fekete, Imrich
Format: Chapitre de livre
Langue:slovaque
Sujets:
Tags: Ajouter un tag
Pas de tags, Soyez le premier à ajouter un tag!

MARC

LEADER 00000naa a2200000 4500
001 r023217
005 20221213095436.3
041 0 |a slo 
044 |a SK 
245 1 0 |a Sprievodca cestnou daňou  |c Imrich Fekete 
520 |a Cestná daň patrí medzi dane, ktoré tvoria daňovú sústavu Slovenskej republiky. Je to priama majetková daň, ktorá sa týka využívania tuzemských pozemných komunikácií cestnými motorovými vozidlami a prípojnými vozidlami na podnikanie alebo v súvislosti s ním. Upravuje ju zákon NR SR č.87/1994 Z.z. o cestnej dani. Daňovník cestnej dane. Predmet dane. Oslobodenie od dane. Základ dane. Správa dane. Vyberanie a platenie cestnej dane. 
610 2 0 |a dane cestné 
610 2 0 |a zákony 
610 2 0 |a Slovensko 
610 2 0 |a 1994 
610 2 0 |a cesty 
610 2 0 |a automobily 
610 2 0 |a daňovníci 
610 2 0 |a podnikanie 
100 1 |a Fekete, Imrich